000 00963nam a2200205Ia 4500
999 _c38111
_d38111
001 4099
003 GE_BSU
005 20190925113655.0
008 181216s1969||||ge |||||||||||||| ||geo||
040 _cGE_BSU
041 _ageo
080 _a398(536.2) ა-37
245 _aათას ერთი ღამე :
_b8 ტომად. ღამე–1–45 /
_cარაბულიდან თარგმნა და განმარტებები დაურთო ნ. ფურცელაძემ ; გ. წერეთლის რედ. და წინასიტყვ.
264 _a თბ.:
_bსაბჭ. საქართველო,
_c1969.
300 _a377 გვ. :
_bილ.;
_c20 სმ.
501 _aგანმარტ.: გვ.367-76.
700 _aფურცელაძე, ნ.
_eმთარგმნელი
_94311
700 _aწერეთლი, გ.
_eრედაქტორი
_94312
942 _cBK
_2udc